LEADER 05104nam 22006255 450 001 996308831003316 005 20221206173341.0 010 $a3-11-039907-5 010 $a3-486-85884-X 024 7 $a10.1515/9783486858846 035 $a(CKB)2560000000312341 035 $a(SSID)ssj0001404600 035 $a(PQKBManifestationID)12567554 035 $a(PQKBTitleCode)TC0001404600 035 $a(PQKBWorkID)11382924 035 $a(PQKB)11686495 035 $a(MiAaPQ)EBC1394781 035 $a(DE-B1597)241596 035 $a(OCoLC)979875357 035 $a(OCoLC)980246482 035 $a(DE-B1597)9783486858846 035 $a(EXLCZ)992560000000312341 100 $a20190615d2014 fg 101 0 $ager 135 $aurmn#|||||||| 181 $ctxt$2rdacontent 182 $cc$2rdamedia 183 $acr$2rdacarrier 200 00$aArbeit im Nationalsozialismus /$fMarc Buggeln, Michael Wildt 210 1$aMünchen ;$aWien : $cDe Gruyter Oldenbourg, $d[2014] 210 4$d©2014 215 $a1 online resource (xxxvii, 401 pages) $cillustrations; digital, PDF file(s) 300 $a"Papers delivered at conference at Internationales Geisteswissenschaftliches Kolleg, entitled "Arbeit und Lebenslauf in globalgeschichtlicher Perspektive," Humboldt-Universita?t zu Berlin, 13-15 December 2012." 311 $a3-486-76538-8 327 $t Frontmatter -- $tInhalt -- $tArbeit im Nationalsozialismus (Einleitung) / $rBuggeln, Marc / Wildt, Michael -- $tTeil I: Ideologien und Praxen der Arbeit -- $tDer Begriff der Arbeit bei Hitler / $rWildt, Michael -- $tAmbivalenzen der Arbeit / $rKocka, Jürgen -- $tHaushalt, Betrieb, Ehrenamt / $rKramer, Nicole -- $tVon der Arbeitsvermittlung zum "Arbeitseinsatz" / $rLinne, Karsten -- $tDie "Arbeitsschlacht" als Krisenüberwindung / $rHumann, Detlev -- $tArbeit und Arbeitsfront: Ideologie und Praxis / $rHachtmann, Rüdiger -- $tDie Betriebs- und die Volksgemeinschaft als Grundlage des "neuen" NS-Arbeitsrechts / $rBecker, Martin -- $tForschungen des Kaiser-Wilhelm-Instituts für Arbeitsphysiologie im Nationalsozialismus / $rRaehlmann, Irene -- $tTeil II: Bilder und Inszenierungen der Arbeit -- $tKorporativismus, Arbeit und Propaganda im faschistischen Italien / $rSchembs, Katharina -- $tArbeit und Gemeinschaft / $rScharnberg, Harriet -- $tVon roter Glut zu brauner Asche? / $rPrehn, Ulrich -- $tVom Proletarier zum ,Soldaten der Arbeit / $rMarszolek, Inge -- $tTeil III: Von der Kollaboration bis zur Vernichtung -- $tUnfreie Arbeit im Nationalsozialismus / $rBuggeln, Marc -- $tGeschichte und Erinnerung der NS-Zwangsarbeit als lebensgeschichtlich reflektierte Arbeitserfahrung / $rThonfeld, Christoph -- $t"Unsere abgebrochene Südostecke ..." / $rRutar, Sabine -- $tArbeit in den Gettos: Rettung oder temporärer Vernichtungsaufschub? / $rLöw, Andrea -- $t"Arbeitsscheue Volksgenossen" Leistungsbereitschaft als Kriterium der Inklusion und Exklusion / $rHörath, Julia -- $tSelektion und Segregation. Vernichtung und Arbeit am Beispiel Mittelbau-Dora / $rWagner, Jens-Christian -- $tRationalisierung des KZ-Systems 1943-1945 / $rHördler, Stefan -- $tTeil IV: Statt eines Schlusses: Interview der Herausgeber mit Alf Lüdtke -- $t"Deutsche Qualitätsarbeit": Mitmachen und Eigensinn im Nationalsozialismus - Interview von Marc Buggeln und Michael Wildt mit Alf Lüdtke (Göttingen, 19.02.2014) -- $tDank 330 $aArbeit war ein zentraler Begriff des Nationalsozialismus. Innerhalb der herzustellenden "Volksgemeinschaft" diente "Arbeit" als zentrales Praxisfeld von Inklusion der "Volksgenossinnen und Volksgenossen". In den Konzentrationslagern der Vorkriegszeit bildete Arbeit das entscheidende Mittel der "Erziehung", um Häftlinge in "Volksgenossen" zu verwandeln. Im Krieg wurde Zwangsarbeit zur entscheidenden Ressource für die Fortführung der Rüstungsproduktion. Und schließlich entschied "Arbeitsfähigkeit" über Leben und Tod von Juden, Roma und Sinti, sowjetischen Kriegsgefangenen, KZ-Häftlingen, Zwangsarbeitern. Dieser Vielschichtigkeit von Arbeit als sozialer, politischer, kultureller Praxis im Nationalsozialismus nähern sich die Beiträge des Bandes aus unterschiedlichen Perspektiven an, um Kontinuitäten und Differenzen von "Arbeit im Nationalsozialismus" kenntlich zu machen. Die Beiträger/innen des Bandes stellen sich vor der Buchpublikation einem öffentlichen Reviewprozess: http://arbeit-im-nationalsozialismus.degruyter.com/ 606 $aNational socialism and labor$vCongresses 606 $aLabor policy$zGermany$vCongresses 606 $aForced labor$zGermany$vCongresses 610 $aOpen Peer Review. 610 $acontemporary history. 610 $asocial history. 615 0$aNational socialism and labor 615 0$aLabor policy 615 0$aForced labor 676 $a306.09 686 $aNQ 2290$2rvk 702 $aBuggeln$b Marc, 702 $aWildt$b Michael, 801 0$bDE-B1597 801 1$bDE-B1597 906 $aBOOK 912 $a996308831003316 996 $aArbeit im Nationalsozialismus$92219672 997 $aUNISA LEADER 02024nas 2200625- 450 001 996439350803316 005 20230801213017.0 011 $a2772-3747 035 $a(DE-599)ZDB3096596-2 035 $a(OCoLC)1277512580 035 $a(CKB)5590000000489775 035 $a(CONSER)--2022221189 035 $a(EXLCZ)995590000000489775 100 $a20211020a20219999 o-- - 101 0 $aeng 135 $aur||||||||||| 181 $ctxt$2rdacontent 182 $cc$2rdamedia 183 $acr$2rdacarrier 200 00$aJACC$iAsia 210 1$a[New York City] :$cElsevier on behalf of the American College of Cardiology Foundation,$d[2021]- 215 $a1 online resource 300 $aRefereed/Peer-reviewed 517 3 $aJournal of the American College of Cardiology Asia 531 10$aJACC Asia 606 $aCardiovascular system$xDiseases$zAsia$vPeriodicals 606 $aHeart$xDiseases$vPeriodicals 606 $aAsians$xDiseases$vPeriodicals 606 $aCardiovascular Diseases 606 $aAsian People 606 $aAppareil cardiovasculaire$xMaladies$zAsie$vPériodiques 606 $aAppareil cardiovasculaire$xMaladies 606 $aRace mongoloïde 606 $aMongoloid race$2fast$3(OCoLC)fst01025420 606 $aCardiovascular system$xDiseases$2fast$3(OCoLC)fst00847181 607 $aAsia 607 $aAsia$2fast 608 $aPeriodical 608 $aPeriodicals.$2fast 608 $aPeriodicals.$2lcgft 615 0$aCardiovascular system$xDiseases 615 0$aHeart$xDiseases 615 0$aAsians$xDiseases 615 12$aCardiovascular Diseases 615 12$aAsian People. 615 6$aAppareil cardiovasculaire$xMaladies 615 6$aAppareil cardiovasculaire$xMaladies. 615 6$aRace mongoloïde. 615 7$aMongoloid race. 615 7$aCardiovascular system$xDiseases. 712 02$aAmerican College of Cardiology Foundation, 906 $aJOURNAL 912 $a996439350803316 996 $aJACC$91893990 997 $aUNISA